Responses for Show #5422 - Tuesday, March 18, 2008

Contestants

[<< previous game]

Janet O'Keefe, a librarian from Flint, Michigan

Kyung Ro, an operations manager from Gaithersburg, Maryland

Kristina Caffrey, a college student from Albuquerque, New Mexico (whose 1-day cash winnings total $23,000)

[next game >>]

Jeopardy! Round responses

NATIVE AMERICANS
TV MOVIE BIOS
GRAB BAG
RUSSIAN FIRST NAME'S THE SAME
A LITTLE FOOD & DRINK
FROM A TO Y
(Alex: Each correct response will being with the letter "A" and end with a "Y".)
    $200 21
Ottawa

Kyung
    $200 12
Marie Osmond

Kyung
    $200 25
Scotchgard

Janet
    $200 1
Vladimir

Janet
    $200 11
spinach

Kyung
    $200 3
adultery

Kyung
    $400 22
basket weaving

Kristina
    $400 13
Shirley Temple

Janet
    $400 26
the International Space Station

Kristina
    $400 2
Boris

Kyung
    $400 17
a Philadelphia cheesesteak

Kyung
    $400 4
an abbey

Kyung
    $600 23
Massachusetts

Kyung
    $600 14
Billie Jean King & Bobby Riggs

Janet
    $600 27
volcanic ash

Janet
    $600 8
(Janet: Uh... what is... Sergei?)

Andrei

Janet
Triple Stumper
    $600 18
sake

Kyung
    $600 5
Agony

Janet
    $1,600 24
(Kyung: Uh, what are... Cinnamon?)

the Northern Blackfoot Indians

Kyung
    $800 15
Audrey Hepburn

Kyung
    $800 28
swan song

Triple Stumper
    $800 9
Ivan

Kristina
    $800 19
(Kristina: What is an Oh Henry! bar?)

Snickers

KristinaKyung
    $800 6
alchemy

Kristina
    $1000 30
(Janet: Who is Gil Thorpe?)

Jim Thorpe

KyungJanet
    $1000 16
Rosemary Clooney

Kristina
    $1000 29
a Black-eyed Susan

Kyung
    $1000 10
Sergei

Kristina
    $1000 20
Cheerios

Kyung
    $1000 7
adversary

Triple Stumper

Scores at the first commercial break (after clue 16):

Kristina Kyung Janet
$3,600 $2,200 $1,200

Scores at the end of the Jeopardy! Round:

Kristina Kyung Janet
$3,600 $6,200 $1,000

Double Jeopardy! Round responses

ANCIENT GREEK DRAMA
MISSISSIPPI MISSES
THE RISE OF THE MACHINES
THE LOVELY BONES
THERE'S "AU"
IN THEM THAR HILLS
    $400 1
Athens

Kristina
    $400 21
Oprah Winfrey

Kyung
    $400 13
pinball machines

Kyung
    $400 9
tears

Kristina
    $400 4
automobiles

Kyung
    $400 22
the Thames

Kristina
    $800 2
Helen

Kristina
    $800 27
Faith Hill

Kyung
    $800 14
a Zamboni

Janet
    $800 12
ribs

Triple Stumper
    $800 5
autumn

Kristina
    $800 23
Capitol Hill

Janet
    $1200 3
(Janet: Who is Sophocles?)

Socrates

KyungJanet
    $1200 28
Tammy Wynette

Janet
    $1200 18
the heart & lungs

Kristina
    $1200 15
the ear

Kyung
    $1200 6
Augusta

Janet
    $1200 24
India

Kyung
    $1600 10
Medea

Kyung
    $1600 29
(Kyung: Who is Blythe Danner?)

Diane Ladd

Kyung
Triple Stumper
    $3,000 19
the cotton gin

Kristina
    $1600 16
the coccyx

Janet
    $1600 7
an audience

Janet
    $1600 25
Golgotha

Kyung
    $2000 11
the Oresteia

Triple Stumper
    $2000 30
(Kyung: Who is Beverly Sills?)

Leontyne Price

Kyung
Triple Stumper
    $2000 20
a dredger (or dredging equipment)

Kristina
    $2000 17
the fibula

Kristina
    $2000 8
auks

Kyung
    $1,600 26
(Alex: You picked the right one--you had a choice, of course, there are a half-dozen.)

the Palatine Hill

Kyung

Scores at the end of the Double Jeopardy! Round:

Kristina Kyung Janet
$14,600 $15,000 $7,000

[wagering suggestions for these scores]

Final Jeopardy! Round responses

HISTORIC NAMES
JanetWho is Guy Fawkes?
$3,000
KristinaWho was Guy Fawkes?
$7,000
KyungWho is G Oliver Cromwell?
$14,201
Guy Fawkes

Final scores:

Kristina Kyung Janet
$21,600 $799 $10,000
2-day champion: $44,600 3rd place: $1,000 2nd place: $2,000

Game dynamics:

Coryat scores:

Kristina Kyung Janet
$13,200 $17,000 $7,000
15 R
(including 1 DD),
1 W
25 R
(including 1 DD),
3 W
(including 1 DD)
12 R,
3 W

Combined Coryat: $37,200

[game clues] [game scores] [suggest correction]

Game tape date: 2007-11-28
The J! Archive is created by fans, for fans. Scraping, republication, monetization, and malicious use prohibited; this site may use cookies and collect identifying information. See terms. The Jeopardy! game show and all elements thereof, including but not limited to copyright and trademark thereto, are the property of Jeopardy Productions, Inc. and are protected under law. This website is not affiliated with, sponsored by, or operated by Jeopardy Productions, Inc. Join the discussion at JBoard.tv.